00295nam a2200121Ia 4500008004100000100001400041245003200055260004100087300000900128650001400137942000700151999001500158190216s9999||||xx |||||||||||||| ||und|| aKuchhal C 0aIndustrial Economy Of India bChaithanya Pub.House Allahabadc1976 a488p aEconomics cBK c9662d9662